[Event "PRO League Group Stage"]
[Site "chess.com INT"]
[Date "2018.02.28"]
[Round "8"]
[White "Banusz, Tamas"]
[Black "Song, Edward"]
[Result "0-1"]
[WhiteTitle "GM"]
[BlackTitle "FM"]
[WhiteElo "2641"]
[BlackElo "2319"]
[WhiteTeam "Webster Windmills"]
[BlackTeam "Pittsburgh Pawngrabbers"]
[WhiteFideId "722413"]
[BlackFideId "2051192"]
[EventDate "2018.01.18"]

1. Nf3 Nf6 2. g3 b6 3. Bg2 Bb7 4. O-O c5 5. c4 e6 6. Nc3 Be7 7. d4 cxd4 8. Qxd4
d6 9. Bg5 a6 10. Bxf6 Bxf6 11. Qd3 Ra7 12. Rfd1 Be7 13. Ne4 O-O 14. Rac1 Ba8 15.
Nd4 Nc6 16. Nxc6 Bxc6 17. Nd2 Bxg2 18. Kxg2 Rc7 19. Ne4 Qa8 20. Qf3 Rd8 21. Rc3
f5 22. Nd2 b5 23. cxb5 Rxc3 24. bxc3 axb5 25. e4 fxe4 26. Nxe4 Qxa2 27. Rd2 Qc4
28. Rd4 Qc8 29. Qg4 h6 30. Rd3 d5 31. Nd2 Bf6 32. Nf3 Kh7 33. h4 Qc4 34. Qxc4
bxc4 35. Re3 Rd6 36. Ne1 Kg8 37. f4 Rb6 38. Nf3 Kf7 39. Ne5+ Bxe5 40. Rxe5 Rb3
41. Re3 h5 42. Kf3 g6 43. Ke2 Kf6 44. Kf3 d4 45. cxd4 Rxe3+ 46. Kxe3 Kf5 0-1

[Event "PRO League Group Stage"]
[Site "chess.com INT"]
[Date "2018.02.28"]
[Round "8"]
[White "Yanchenko, Roman"]
[Black "Agrest, Evgenij"]
[Result "1/2-1/2"]
[WhiteTitle "FM"]
[BlackTitle "GM"]
[WhiteElo "2436"]
[BlackElo "2584"]
[WhiteTeam "London Towers"]
[BlackTeam "Stockholm Snowballs"]
[WhiteFideId "4137329"]
[BlackFideId "1705024"]
[EventDate "2018.01.18"]

1. d4 d6 2. Nf3 g6 3. c4 Bg7 4. Nc3 Bg4 5. e3 c5 6. Be2 cxd4 7. Nxd4 Bxe2 8.
Qxe2 Nf6 9. O-O O-O 10. b3 Qa5 11. Bb2 Nbd7 12. Rfd1 a6 13. h3 Rac8 14. Qd2 Rfe8
15. Rac1 Ne5 16. Ba1 Nc6 17. Nd5 Qxd2 18. Nxf6+ Bxf6 19. Rxd2 Nxd4 20. Bxd4 Kg7
21. a4 Rc6 22. Rcd1 Rb8 23. Bxf6+ Kxf6 24. Rd5 b6 25. g4 Ke6 26. Kg2 b5 27. cxb5
axb5 28. a5 b4 29. R5d4 Ra6 30. Ra1 Rb5 31. Ra4 Raxa5 32. Rxa5 Rxa5 33. Rxb4 h5
34. Kg3 hxg4 35. hxg4 Ra1 36. Rb7 Rb1 37. b4 g5 38. Rb5 f6 39. Rb7 Rb3 40. b5 d5
41. Kg2 Kd6 42. b6 Rb2 43. Kf3 Rb3 44. Kg2 Rb2 45. Kg3 Rb3 46. Kg2 1/2-1/2

[Event "PRO League Group Stage"]
[Site "chess.com INT"]
[Date "2018.02.28"]
[Round "8"]
[White "Yanchenko, Roman"]
[Black "Agrest, Inna"]
[Result "1-0"]
[WhiteTitle "FM"]
[BlackTitle "WIM"]
[WhiteElo "2436"]
[BlackElo "2280"]
[WhiteTeam "London Towers"]
[BlackTeam "Stockholm Snowballs"]
[WhiteFideId "4137329"]
[BlackFideId "1708830"]
[EventDate "2018.01.18"]

1. d4 Nf6 2. c4 g6 3. Nf3 Bg7 4. Nc3 O-O 5. Bf4 d6 6. e3 Nfd7 7. Be2 e5 8. Bg5
f6 9. Bh4 Nc6 10. O-O Kh8 11. dxe5 dxe5 12. e4 Nc5 13. a3 a5 14. Qd5 Ne6 15.
Qxd8 Ncxd8 16. Nd5 Rb8 17. Rfd1 c6 18. Nb6 Nf4 19. Bf1 Nde6 20. Bg3 Nc5 21. Nd2
a4 22. f3 Re8 23. Bf2 Bf8 24. Rab1 Be6 25. Be3 Red8 26. g3 Nfd3 27. Be2 Be7 28.
Nf1 f5 29. Nxa4 Nxa4 30. Bxd3 Nc5 31. exf5 gxf5 32. Be2 Nb3 33. Bb6 Rxd1 34.
Rxd1 Bf6 35. Rd6 Re8 36. Bd1 Nd4 37. f4 Be7 38. fxe5 Bxd6 39. exd6 c5 40. Bxc5
Nc6 41. Ne3 Bxc4 42. d7 Re6 43. Bf3 Nd8 44. Nxc4 Re1+ 45. Kf2 Rc1 46. Bd5 b5 47.
Bd4# 1-0

[Event "PRO League Group Stage"]
[Site "chess.com INT"]
[Date "2018.02.28"]
[Round "8"]
[White "Foisor, Sabina-Francesca"]
[Black "Yu, Yangyi"]
[Result "0-1"]
[WhiteTitle "WGM"]
[BlackTitle "GM"]
[WhiteElo "2326"]
[BlackElo "2760"]
[WhiteTeam "Dallas Destiny"]
[BlackTeam "Chengdu Pandas"]
[WhiteFideId "1212915"]
[BlackFideId "8603820"]
[EventDate "2018.01.18"]

1. d4 d5 2. Bf4 Nf6 3. e3 g6 4. Nf3 Bg7 5. Nbd2 Nh5 6. Be5 f6 7. Bg3 O-O 8. c4
c6 9. Bxb8 Rxb8 10. h3 f5 11. Be2 Nf6 12. Ne5 Ne4 13. Nxe4 dxe4 14. f4 exf3 15.
Nxf3 c5 16. O-O Qb6 17. Rb1 Be6 18. d5 Bd7 19. Bd3 Qd6 20. Qe2 e5 21. dxe6 Qxe6
22. e4 Bc6 23. exf5 Qxe2 24. Bxe2 Rxf5 25. b3 Re8 26. Bd3 Rff8 27. Rbe1 Rxe1 28.
Rxe1 Bxf3 29. gxf3 Rxf3 30. Be4 Bd4+ 31. Kg2 Rf2+ 32. Kg3 Kg7 33. Bxb7 Rf7 34.
Bd5 Bf2+ 0-1

[Event "PRO League Group Stage"]
[Site "chess.com INT"]
[Date "2018.02.28"]
[Round "8"]
[White "Foisor, Sabina-Francesca"]
[Black "Li, Di"]
[Result "0-1"]
[WhiteTitle "WGM"]
[BlackTitle "IM"]
[WhiteElo "2326"]
[BlackElo "2455"]
[WhiteTeam "Dallas Destiny"]
[BlackTeam "Chengdu Pandas"]
[WhiteFideId "1212915"]
[BlackFideId "8607508"]
[EventDate "2018.01.18"]

1. d4 d5 2. Bf4 Nf6 3. e3 Bf5 4. Bd3 Bg6 5. Nf3 e6 6. O-O Nbd7 7. c4 dxc4 8.
Bxc4 c6 9. Nc3 Be7 10. Qe2 Bh5 11. Bb3 O-O 12. e4 c5 13. d5 e5 14. Be3 Ne8 15.
h3 Bxf3 16. gxf3 Nd6 17. f4 Bf6 18. f5 Rc8 19. Kh1 c4 20. Bc2 b5 21. a3 a5 22.
Qg4 Nc5 23. Rg1 Kh8 24. f4 Qe7 25. Raf1 Nd7 26. Qg2 Rg8 27. fxe5 Nxe5 28. Bf4 b4
29. axb4 axb4 30. Ne2 Nd3 31. Bxd6 Qxd6 32. b3 Ne5 33. Nf4 cxb3 34. Bb1 Rc3 35.
Nh5 Nd7 36. Rf4 Bd4 37. Rg4 Qh6 38. Nf4 Bxg1 39. Qxg1 Rxh3+ 40. Kg2 Rh4 41. Kf3
Ne5+ 0-1

[Event "PRO League Group Stage"]
[Site "chess.com INT"]
[Date "2018.02.28"]
[Round "8"]
[White "Wheeler, Cameron"]
[Black "Margvelashvili, Giorgi"]
[Result "1/2-1/2"]
[WhiteTitle "IM"]
[BlackTitle "GM"]
[WhiteElo "2392"]
[BlackElo "2530"]
[WhiteTeam "San Jose Hackers"]
[BlackTeam "Seattle Sluggers"]
[WhiteFideId "2060531"]
[BlackFideId "13602926"]
[EventDate "2018.01.18"]

1. d4 Nf6 2. Nf3 e6 3. g3 b6 4. Bg2 Bb7 5. c4 Bb4+ 6. Nbd2 O-O 7. O-O d5 8. Ne5
Be7 9. Qc2 c6 10. Rd1 Na6 11. a3 c5 12. dxc5 bxc5 13. cxd5 exd5 14. b3 Qb6 15.
Bb2 Rad8 16. Rac1 Rfe8 17. Qf5 Bf8 18. h3 Nc7 19. e3 Ne6 20. g4 Re7 21. g5 Nd7
22. Ng4 Ree8 23. Bxd5 g6 24. Qf6 Bg7 25. Nh6+ Kh8 26. Nxf7+ Kg8 27. Nh6+ Kh8 28.
Nf7+ Kg8 29. Nh6+ Kh8 30. Nf7+ 1/2-1/2

[Event "PRO League Group Stage"]
[Site "chess.com INT"]
[Date "2018.02.28"]
[Round "8"]
[White "Li, Chao b"]
[Black "Foisor, Sabina-Francesca"]
[Result "1-0"]
[WhiteTitle "GM"]
[BlackTitle "WGM"]
[WhiteElo "2732"]
[BlackElo "2326"]
[WhiteTeam "Chengdu Pandas"]
[BlackTeam "Dallas Destiny"]
[WhiteFideId "8604436"]
[BlackFideId "1212915"]
[EventDate "2018.01.18"]

1. d4 d5 2. c4 c6 3. Nc3 Nf6 4. Nf3 a6 5. c5 g6 6. Bf4 Bg7 7. e3 O-O 8. h3 Bf5
9. Be2 Re8 10. O-O h6 11. Qb3 Qc8 12. Na4 Nbd7 13. Ne5 Ra7 14. g4 Be6 15. Nd3
Ne4 16. Rad1 g5 17. Bh2 f5 18. f3 Nef6 19. Qc2 Nf8 20. Nf2 Bf7 21. gxf5 e6 22.
Nb6 Qd8 23. fxe6 Nxe6 24. Ng4 Nd7 25. Nxd7 Qxd7 26. Bd3 Nf8 27. Bf5 Be6 28.
Bxe6+ Qxe6 29. Rde1 h5 30. Nf2 Raa8 31. f4 gxf4 32. Bxf4 Ng6 33. Bg5 Rf8 34. Qd1
Rf5 35. Qxh5 Raf8 36. Ng4 Rxf1+ 37. Rxf1 Rxf1+ 38. Kxf1 Qf7+ 39. Nf2 Qf5 40. Qg4
Qb1+ 41. Nd1 Qd3+ 42. Ke1 a5 43. h4 a4 44. h5 Nf8 45. h6 Bh8 46. Bf4+ Qg6 47.
Qc8 Qg1+ 48. Kd2 Qg2+ 49. Kc1 Qf3 50. h7+ Kf7 51. Qxb7+ Ke8 52. Qxc6+ Kf7 53.
Qxa4 Qe4 54. Qc2 Qf3 55. c6 Bxd4 56. c7 1-0

[Event "PRO League Group Stage"]
[Site "chess.com INT"]
[Date "2018.02.28"]
[Round "8"]
[White "Li, Chao b"]
[Black "Xiong, Jeffery"]
[Result "1-0"]
[WhiteTitle "GM"]
[BlackTitle "GM"]
[WhiteElo "2732"]
[BlackElo "2634"]
[WhiteTeam "Chengdu Pandas"]
[BlackTeam "Dallas Destiny"]
[WhiteFideId "8604436"]
[BlackFideId "2047640"]
[EventDate "2018.01.18"]

1. d4 Nf6 2. c4 g6 3. Nc3 d5 4. Nf3 Bg7 5. h4 dxc4 6. e4 c5 7. d5 b5 8. h5 O-O
9. hxg6 fxg6 10. Nxb5 Qa5+ 11. Nc3 Nxe4 12. Bd2 Nxc3 13. bxc3 Bxc3 14. Bxc4 Ba6
15. Qe2 Bxc4 16. Qe6+ Rf7 17. Rxh7 Bxd2+ 18. Nxd2 Kxh7 19. Qxf7+ Kh8 20. Qf8+
Kh7 21. Qxe7+ Kg8 22. Qe8+ Kg7 23. Rb1 Ba6 24. Qe5+ Kg8 25. Rxb8+ Rxb8 26. Qxb8+
Kh7 27. Qxa7+ Kh6 28. Qb8 Qc3 29. Qf4+ Kg7 30. f3 Qa1+ 31. Kf2 Qxa2 32. d6 Qd5
33. Ne4 Qd4+ 34. Kg3 Bc8 35. Qg5 1-0

[Event "PRO League Group Stage"]
[Site "chess.com INT"]
[Date "2018.02.28"]
[Round "8"]
[White "Perez, Flavio"]
[Black "Lenic, Luka"]
[Result "1/2-1/2"]
[WhiteTitle "FM"]
[BlackTitle "GM"]
[WhiteElo "2279"]
[BlackElo "2662"]
[WhiteTeam "Cannes Blockbusters"]
[BlackTeam "Ljubljana Turtles"]
[WhiteFideId "623911"]
[BlackFideId "14603853"]
[EventDate "2018.01.18"]

1. e4 e5 2. Nf3 Nc6 3. Bc4 Bc5 4. c3 Nf6 5. d3 d6 6. O-O a6 7. Bb3 h6 8. d4 Ba7
9. dxe5 Nxe5 10. Nxe5 dxe5 11. Qxd8+ Kxd8 12. Nd2 Ke7 13. Nc4 Nd7 14. Be3 b5 15.
Na5 Bxe3 16. fxe3 Nf6 17. Bd5 Nxd5 18. exd5 f6 19. Rad1 Bd7 20. Rd2 Rhb8 21. b4
Rb6 22. Rfd1 Be8 23. e4 Bg6 24. Re1 Rd8 25. Rdd1 Be8 26. Kf2 c6 27. dxc6 Rc8 28.
Rd3 Bxc6 29. Nb3 Be8 30. Nc5 Rbc6 31. Red1 a5 32. a3 Rxc5 33. bxc5 Rxc5 34. Re3
Rc4 35. Rb1 Bc6 36. Rb3 Ke6 37. Rg3 g5 38. Rh3 h5 39. Rxh5 a4 40. Rb4 Rxc3 41.
Rh3 Rc2+ 42. Kf1 Kd6 43. Rf3 Ke7 44. Re3 Bd7 45. h3 Be6 46. Kg1 Bc4 47. Kh2 Bf1
48. Rg3 Ke6 49. Rb1 Bc4 50. Re3 Ra2 51. Kg3 Kf7 52. Rd1 Ke7 53. Rb1 Kf7 54. Rd1
Rb2 55. Rd7+ Ke6 56. Rd8 Bf1 57. Rd1 Bc4 58. Rc1 Ke7 59. Rd1 Bb3 60. Rc1 Bc4 61.
Rd1 b4 62. axb4 Rxb4 63. Rc1 Bb5 64. Rc7+ Kd6 65. Rf7 Rb3 66. Rxf6+ Kc5 67. Rff3
Rb2 68. Ra3 Kb4 69. Rfc3 Bf1 70. Kg4 Rxg2+ 71. Kf5 Re2 72. Kxe5 Bg2 73. Re3 Rxe3
74. Rxe3 a3 75. Rxa3 Kxa3 76. Kf5 Bxh3+ 77. Kxg5 Bc8 78. Kf6 1/2-1/2

[Event "PRO League Group Stage"]
[Site "chess.com INT"]
[Date "2018.02.28"]
[Round "8"]
[White "Perez, Flavio"]
[Black "Sebenik, Matej"]
[Result "0-1"]
[WhiteTitle "FM"]
[BlackTitle "GM"]
[WhiteElo "2279"]
[BlackElo "2551"]
[WhiteTeam "Cannes Blockbusters"]
[BlackTeam "Ljubljana Turtles"]
[WhiteFideId "623911"]
[BlackFideId "14602296"]
[EventDate "2018.01.18"]

1. Nf3 Nf6 2. g3 g6 3. Bg2 Bg7 4. O-O O-O 5. d3 d6 6. e4 c5 7. Nc3 Nc6 8. h3 Rb8
9. Nh2 b5 10. Nd5 b4 11. a3 a5 12. axb4 axb4 13. g4 Nxd5 14. exd5 Nd4 15. Nf3
Nxf3+ 16. Qxf3 Bb7 17. Qe2 Re8 18. Re1 Ra8 19. Rb1 Ra2 20. g5 Qa8 21. Qe4 Bd4
22. Qf3 e6 23. Qg4 Bxd5 24. Bxd5 Qxd5 25. Qe4 Qxe4 26. dxe4 Rea8 27. Kg2 Ra1 28.
Bd2 Rxb1 29. Rxb1 Ra2 30. c3 bxc3 31. Bxc3 e5 32. Kf3 Kf8 33. h4 Ke7 34. h5 gxh5
35. Rh1 Bxc3 36. bxc3 Rc2 37. Rxh5 Rxc3+ 38. Ke2 Rc1 39. Rxh7 Rg1 40. Rh5 c4 41.
Kd2 Rg2 42. Ke3 Rg1 43. f3 Rd1 44. Ke2 Rg1 45. Ke3 Kd7 46. Rh7 Ke6 47. Rh6+ Ke7
48. Rh5 Rg2 49. Rh8 Kd7 50. Rf8 Ke7 51. Rc8 Rc2 52. Rc7+ Kf8 53. Rc8+ Ke7 54.
Rc7+ Ke6 55. Rc8 c3 56. Kd3 Rg2 57. Rxc3 Rxg5 58. Rc6 Rg2 59. Ke3 Ra2 60. Rb6
Ra3+ 61. Ke2 Ra4 62. Ke3 Rd4 63. f4 Ra4 64. f5+ Ke7 65. Rb7+ Kf6 66. Rb6 Rd4 67.
Ra6 Kg5 68. Ra7 d5 69. exd5 f6 70. Rd7 Kxf5 71. Rd8 Rd1 72. Ke2 Rd4 73. Ke3 Ra4
74. Ke2 Ra3 75. Rd6 Ra5 76. Kd3 Ra4 77. Ke2 Re4+ 78. Kd3 Rd4+ 79. Ke3 Kg5 80.
Rd8 f5 81. d6 Kf6 82. d7 Re4+ 83. Kf3 Ke7 84. Rf8 Rf4+ 85. Ke3 Kxd7 86. Rf6 Ke7
87. Ra6 Rh4 88. Rb6 Rh3+ 89. Kf2 e4 90. Kg2 Rd3 91. Kf2 Rd6 92. Rb5 Ke6 93. Ke3
Rd3+ 94. Kf4 Rf3+ 95. Kg5 e3 96. Rb3 Ke5 97. Ra3 Rg3+ 98. Kh4 f4 99. Ra5+ Ke4
100. Ra8 Kf3 101. Re8 e2 102. Re7 Rg1 0-1

[Event "PRO League Group Stage"]
[Site "chess.com INT"]
[Date "2018.02.28"]
[Round "8"]
[White "Yu, Yangyi"]
[Black "Holt, Conrad"]
[Result "1-0"]
[WhiteTitle "GM"]
[BlackTitle "GM"]
[WhiteElo "2760"]
[BlackElo "2578"]
[WhiteTeam "Chengdu Pandas"]
[BlackTeam "Dallas Destiny"]
[WhiteFideId "8603820"]
[BlackFideId "2034387"]
[EventDate "2018.01.18"]

1. d4 d5 2. c4 c6 3. Nf3 Nf6 4. Qc2 dxc4 5. Qxc4 Bg4 6. Nbd2 Nbd7 7. g3 e6 8.
Bg2 Bd6 9. Qb3 Nb6 10. a4 a5 11. Ne5 Bh5 12. O-O O-O 13. Ndf3 Bb4 14. h3 Nfd7
15. Nd3 Bd6 16. Rd1 Qe7 17. Bd2 f6 18. e4 Kh8 19. Re1 e5 20. Nh4 Bf7 21. Qc2 g6
22. Nf3 exd4 23. Nxd4 Nc4 24. Bc3 Nc5 25. e5 Nxe5 26. Nxe5 fxe5 27. Nf3 Nd7 28.
Rad1 Bd5 29. Nxe5 Bxe5 30. Bxd5 cxd5 31. Rxd5 Kg8 32. Bxe5 Qe6 33. Rd6 Qf7 34.
Bc3 Rac8 35. Qd2 Nc5 36. Qd4 1-0

[Event "PRO League Group Stage"]
[Site "chess.com INT"]
[Date "2018.02.28"]
[Round "8"]
[White "Yu, Yangyi"]
[Black "Moradiabadi, Elshan"]
[Result "1-0"]
[WhiteTitle "GM"]
[BlackTitle "GM"]
[WhiteElo "2760"]
[BlackElo "2528"]
[WhiteTeam "Chengdu Pandas"]
[BlackTeam "Dallas Destiny"]
[WhiteFideId "8603820"]
[BlackFideId "12501255"]
[EventDate "2018.01.18"]

1. e4 e5 2. Nf3 Nc6 3. Bb5 a6 4. Ba4 Nf6 5. O-O Be7 6. Re1 b5 7. Bb3 O-O 8. a4
b4 9. a5 d6 10. d3 Rb8 11. Nbd2 Nd7 12. Nf1 Nc5 13. Bd5 Bd7 14. Be3 Rb5 15. Ng3
Rxa5 16. Bxc6 Rxa1 17. Qxa1 Bxc6 18. Bxc5 dxc5 19. Qxa6 Ba8 20. Nxe5 Bf6 21. Nc4
b3 22. Qa4 bxc2 23. Qxc2 g6 24. Ra1 Qb8 25. Nf1 Rd8 26. Nfe3 Bd4 27. h3 Bc6 28.
Na5 Be8 29. Nb3 Bg7 30. Nd5 c6 31. Ne3 Qe5 32. Rb1 Bf8 33. Rc1 Rb8 34. Ng4 Qg7
35. e5 Be7 36. Qc3 Rb5 37. Nf6+ Kf8 38. Ra1 Qh6 39. Ra8 Bxf6 40. exf6 Qf4 41.
Nxc5 Rb8 42. Rxb8 Qxb8 43. Qd2 1-0

[Event "PRO League Group Stage"]
[Site "chess.com INT"]
[Date "2018.02.28"]
[Round "8"]
[White "Bauer, Christian"]
[Black "Thorfinnsson, Bragi"]
[Result "1-0"]
[WhiteTitle "GM"]
[BlackTitle "IM"]
[WhiteElo "2625"]
[BlackElo "2426"]
[WhiteTeam "London Lions"]
[BlackTeam "Reykjavik Puffins"]
[WhiteFideId "603767"]
[BlackFideId "2300958"]
[EventDate "2018.01.18"]

1. d4 Nf6 2. Bf4 d5 3. e3 e6 4. Nd2 c5 5. c3 Nc6 6. Bd3 Bd6 7. dxc5 Bxf4 8. exf4
Qe7 9. b4 e5 10. Ne2 e4 11. Bb5 e3 12. fxe3 Qxe3 13. Nf1 Qe4 14. Qd4 Bd7 15.
Bxc6 bxc6 16. Ng3 Qxd4 17. Nxd4 g6 18. Kd2 h5 19. Rhe1+ Kd8 20. h4 a5 21. a4 Re8
22. Rxe8+ Nxe8 23. b5 Rb8 24. f5 Nc7 25. b6 Ne8 26. fxg6 fxg6 27. Rf1 Ke7 28.
Re1+ Kf7 29. Nf3 Rd8 30. Ne5+ 1-0

[Event "PRO League Group Stage"]
[Site "chess.com INT"]
[Date "2018.02.28"]
[Round "8"]
[White "Bauer, Christian"]
[Black "Olafsson, Helgi"]
[Result "1-0"]
[WhiteTitle "GM"]
[BlackTitle "GM"]
[WhiteElo "2625"]
[BlackElo "2508"]
[WhiteTeam "London Lions"]
[BlackTeam "Reykjavik Puffins"]
[WhiteFideId "603767"]
[BlackFideId "2300010"]
[EventDate "2018.01.18"]

1. e4 c5 2. Nf3 d6 3. c3 Nf6 4. h3 g6 5. Bd3 Bg7 6. Bc2 b6 7. O-O Bb7 8. Re1
Nbd7 9. d4 e5 10. Na3 O-O 11. d5 a6 12. Nc4 Qc7 13. a4 b5 14. Na3 b4 15. Nc4 a5
16. Bg5 Nb6 17. Nfd2 Nxc4 18. Nxc4 Ba6 19. Bd3 Rfe8 20. cxb4 axb4 21. b3 Nd7 22.
Rc1 Bb7 23. Ne3 Bf6 24. h4 Ba6 25. Bxa6 Rxa6 26. Qe2 Rea8 27. Qg4 Qd8 28. g3 h5
29. Qh3 Bxg5 30. hxg5 Nf8 31. f4 Nh7 32. Nc4 R6a7 33. Rc2 Re7 34. Qh4 Re8 35.
Rf2 Ra7 36. Ree2 exf4 37. gxf4 f6 38. gxf6 Nxf6 39. Rg2 Rg7 40. Qg5 Rf8 41. f5
Ng4 42. Qxd8 Rxd8 43. fxg6 Rxg6 44. Ne3 Kf7 45. Nf5 Kf6 46. Nh4 Rg7 47. Rg3 Kg5
48. Nf5 Rf7 49. Rf2 Rf6 50. Re2 Re8 51. Kf1 Kf4 52. Rh3 Kg5 53. Ke1 Ne5 54. Ng3
Kg4 55. Nxh5 Kxh3 56. Nxf6 Rf8 57. Re3+ Kg2 58. Nh5 1-0

[Event "PRO League Group Stage"]
[Site "chess.com INT"]
[Date "2018.02.28"]
[Round "8"]
[White "Zherebukh, Yaroslav"]
[Black "Bykhovsky, Anatoly"]
[Result "1/2-1/2"]
[WhiteTitle "GM"]
[BlackTitle "GM"]
[WhiteElo "2636"]
[BlackElo "2496"]
[WhiteTeam "Saint Louis Arch Bishops"]
[BlackTeam "Montclair Sopranos"]
[WhiteFideId "14116804"]
[BlackFideId "2806991"]
[EventDate "2018.01.18"]

1. e4 c5 2. Nf3 e6 3. d4 cxd4 4. Nxd4 a6 5. g3 d5 6. Nb3 Nf6 7. exd5 exd5 8. Bg2
Bg4 9. Qd3 Nc6 10. O-O Be7 11. Nc3 O-O 12. Nxd5 Nxd5 13. Qxd5 Qxd5 14. Bxd5 Nb4
15. Bxb7 Nxc2 16. Bxa8 Nxa1 17. Bd5 Nc2 18. Be4 Rc8 19. Bd2 Bb4 20. Bxb4 Nxb4
21. a3 f5 22. Bb1 Nd5 23. Nd4 Kf8 24. Ba2 Nb6 25. f3 Bh5 26. Re1 Bf7 27. Bxf7
Kxf7 28. Nxf5 Rc2 29. Nd6+ Kf6 30. b4 g5 31. Ne4+ Kg6 32. Nc5 Nc4 33. a4 a5 34.
Nd3 Rd2 35. Re4 Rxd3 36. Rxc4 axb4 37. Rxb4 Rxf3 38. a5 Ra3 39. Rb5 Ra2 40. h3
h5 41. Kf1 h4 42. g4 Ra3 43. Rb6+ Kg7 44. a6 Rxh3 45. Rb7+ Kf6 46. a7 Ra3 47.
Kf2 Ke5 48. Rf7 Ke4 49. Kg2 Ra2+ 50. Kh3 Ra3+ 51. Kh2 Ra2+ 52. Kh3 Ra3+ 53. Kg2
Ra2+ 54. Kf1 Ra1+ 55. Kf2 Ra2+ 56. Kg1 Ra1+ 57. Kg2 Ra2+ 58. Kh3 Ra3+ 59. Kg2
Ra2+ 60. Kh3 Ra3+ 61. Kg2 1/2-1/2

[Event "PRO League Group Stage"]
[Site "chess.com INT"]
[Date "2018.02.28"]
[Round "8"]
[White "Zherebukh, Yaroslav"]
[Black "Checa, Nicolas"]
[Result "1-0"]
[WhiteTitle "GM"]
[BlackTitle "IM"]
[WhiteElo "2636"]
[BlackElo "2486"]
[WhiteTeam "Saint Louis Arch Bishops"]
[BlackTeam "Montclair Sopranos"]
[WhiteFideId "14116804"]
[BlackFideId "2069342"]
[EventDate "2018.01.18"]

1. e4 e6 2. d4 d5 3. Nc3 Bb4 4. e5 Ne7 5. a3 Bxc3+ 6. bxc3 c5 7. Qg4 cxd4 8.
Qxg7 Rg8 9. Qxh7 Qc7 10. Ne2 Nbc6 11. f4 dxc3 12. h4 b6 13. Nxc3 Nxe5 14. Nb5
Qb8 15. h5 a6 16. h6 N5g6 17. Nd4 Qc7 18. Bd2 e5 19. Nf3 Bf5 20. Ng5 Nh8 21. Qg7
exf4 22. Qc3 Qxc3 23. Bxc3 Kd7 24. Nf3 Bh7 25. Kd2 Nf5 26. Rh2 Nd6 27. Bg7 Ne4+
28. Kc1 Rgc8 29. Bd3 f6 30. Kb2 Nf7 31. Rh4 Nfd6 32. Rxf4 Nc4+ 33. Kc1 Ne3 34.
Bxf6 Nxg2 35. Rg4 Nxf6 36. Rg7+ Kd6 37. Bxh7 Nxh7 38. Rg6+ Kc5 39. Rxg2 Rg8 40.
Rh2 Raf8 41. Rh3 Rg2 42. Kb2 Re8 43. Ne1 Rg6 44. Nd3+ Kd6 45. Rd1 Re4 46. Nb4
Rg5 47. Nxa6 Kc6 48. Nb4+ Kc5 49. Rc3+ Rc4 50. Rcd3 Nf6 51. Rf3 Rg6 52. Rxf6
Rxf6 53. Rxd5# 1-0

[Event "PRO League Group Stage"]
[Site "chess.com INT"]
[Date "2018.02.28"]
[Round "8"]
[White "Urkedal, Frode"]
[Black "Grigoriants, Sergey"]
[Result "1/2-1/2"]
[WhiteTitle "GM"]
[BlackTitle "GM"]
[WhiteElo "2572"]
[BlackElo "2568"]
[WhiteTeam "Oslo Trolls"]
[BlackTeam "Volga Stormbringers"]
[WhiteFideId "1506102"]
[BlackFideId "4130804"]
[EventDate "2018.01.18"]

1. d4 Nf6 2. c4 e6 3. Nc3 Bb4 4. Qc2 d5 5. a3 Bxc3+ 6. Qxc3 O-O 7. Nf3 dxc4 8.
Qxc4 b6 9. Bg5 Ba6 10. Qa4 Qd7 11. Qc2 c5 12. Bxf6 gxf6 13. Rd1 cxd4 14. Rxd4
Qc6 15. Qxc6 Nxc6 16. Ra4 Bb5 17. Rg4+ Kh8 18. a4 Ba6 19. b4 Bb7 20. e3 Ne5 21.
Nxe5 fxe5 22. Bd3 f5 23. Rg5 a5 24. bxa5 Rxa5 25. Bb5 Ba6 26. O-O Bxb5 27. axb5
Rxb5 28. g4 Rg8 29. Rxg8+ Kxg8 30. gxf5 exf5 31. Rd1 Kg7 32. Rd6 f4 33. exf4
exf4 34. Kg2 Rb3 35. Rc6 b5 36. Rb6 h5 37. h4 b4 38. Rb5 Kg6 39. Rg5+ Kh6 40.
Rf5 f3+ 41. Kg3 Rc3 42. Rb5 b3 43. Rb6+ Kg7 44. Kf4 Kf7 45. Ke4 Ke7 46. Kd4 Rc2
47. Rxb3 Rxf2 48. Ke4 Kf6 49. Rxf3+ Rxf3 50. Kxf3 Kf5 51. Kg3 1/2-1/2

[Event "PRO League Group Stage"]
[Site "chess.com INT"]
[Date "2018.02.28"]
[Round "8"]
[White "Naroditsky, Daniel"]
[Black "Tiglon, Bryce"]
[Result "1-0"]
[WhiteTitle "GM"]
[BlackTitle "IM"]
[WhiteElo "2619"]
[BlackElo "2385"]
[WhiteTeam "San Jose Hackers"]
[BlackTeam "Seattle Sluggers"]
[WhiteFideId "2026961"]
[BlackFideId "2087456"]
[EventDate "2018.01.18"]

1. d4 Nf6 2. Bf4 c5 3. e3 Qb6 4. Nc3 Qxb2 5. Nb5 Nd5 6. Rb1 Qxa2 7. Ra1 Qb2 8.
Ra3 c4 9. Bxc4 Qb4+ 10. c3 Qxc4 11. Rb3 Nxf4 12. exf4 a6 13. Na3 Qc7 14. Nf3 d5
15. O-O Nc6 16. c4 Na5 17. Re3 Nxc4 18. Nxc4 dxc4 19. d5 Qd6 20. Ne5 b5 21. Rfe1
Bb7 22. Qg4 Bxd5 23. f5 g6 24. f6 Be6 25. Qf3 Qd5 26. Qf4 O-O-O 27. Nxf7 Bxf7
28. fxe7 Bxe7 29. Rxe7 Rd7 30. R7e5 Qc6 31. h4 Rhd8 32. Qg5 Bd5 33. Qg4 Kb7 34.
R5e3 c3 35. Qb4 c2 36. Rc3 Bc4 37. Rxc2 Rd2 38. Rxd2 Re8 39. Red1 Rc8 40. Qe7+
Rc7 41. Rd7 Rxd7 42. Rxd7+ 1-0

[Event "PRO League Group Stage"]
[Site "chess.com INT"]
[Date "2018.02.28"]
[Round "8"]
[White "Naroditsky, Daniel"]
[Black "Margvelashvili, Giorgi"]
[Result "0-1"]
[WhiteTitle "GM"]
[BlackTitle "GM"]
[WhiteElo "2619"]
[BlackElo "2530"]
[WhiteTeam "San Jose Hackers"]
[BlackTeam "Seattle Sluggers"]
[WhiteFideId "2026961"]
[BlackFideId "13602926"]
[EventDate "2018.01.18"]

1. Nf3 Nf6 2. g3 b6 3. Bg2 Bb7 4. O-O c5 5. d3 d5 6. Nbd2 g6 7. e4 Bg7 8. e5
Nfd7 9. e6 fxe6 10. Ng5 Nf8 11. Re1 Nc6 12. Rxe6 Bf6 13. Ndf3 h6 14. Rxf6 exf6
15. Nh3 g5 16. Nh4 Qd7 17. Qh5+ Qf7 18. Qe2+ Ne6 19. Nf5 O-O-O 20. c3 Ne7 21.
Ne3 Rhe8 22. Bd2 d4 23. Bxb7+ Kxb7 24. Qf3+ Nc6 25. Nc4 Qg6 26. b4 dxc3 27. b5
cxd2 28. Qxc6+ Kb8 29. Nxb6 Nc7 30. Nd7+ Rxd7 31. b6 axb6 32. Qxb6+ Kc8 33. Rb1
Kd8 34. Qb8+ Ke7 35. Qb6 Qxd3 36. Rd1 Kf7 37. Kg2 Re1 38. Rxd2 Qxd2 0-1